Word Ladder: Idioms Quiz Stats

Quiz Updated Apr 26, 2015

Challenge
Share
Tweet
Score 0/26 Timer 03:00
2 Plays Today
Idiom 4-Letter Word % Correct
Man's _____ friendBEST
97.7%
Saved by the _____ BELL
97.3%
Beauty is only skin _____DEEP
95.6%
_____ an eye onKEEP
95.4%
You ain't _____ nothing yetSEEN
95%
Beat to a _____ PULP
94.3%
Tighten one's _____ BELT
94.2%
_____ seat driverBACK
93.6%
Behind the eight _____ BALL
93%
Bury one's head in the _____SAND
92.8%
The _____ MontyFULL
92.7%
_____ on deaf earsFALL
92.4%
_____ one's weightPULL
92.2%
Idiom 4-Letter Word % Correct
Peachy _____KEEN
92%
Break the _____BANK
92%
Slam _____DUNK
91.6%
_____ chills down one's spineSEND
91.3%
_____ in the headlightsDEER
89.9%
_____ ironPUMP
89.8%
Sitting _____DUCK
89.6%
Strike up the _____BAND
89%
Pass the _____BUCK
88.9%
Go _____ redBEET
85.8%
Go to _____SEED
83.5%
All _____ and skittlesBEER
80.5%
_____ down one's throatJUMP
58.2%

Today's Daily Dose

You're not logged in!

Compare scores with friends on all Sporcle quizzes.
Join for Free
OR
Log In

You Might Also Like...

Show Comments

Extras

Top Quizzes Today


Score Distribution

Your Account Isn't Verified!

In order to create a playlist on Sporcle, you need to verify the email address you used during registration. Go to your Sporcle Settings to finish the process.

Report this User

Report this user for behavior that violates our Community Guidelines.

Details: